[Event "AUT-chT2O 9495"]
[Site "?"]
[Date "1995.??.??"]
[Round "?"]
[White "Maly, Martin"]
[Black "Krizsany, Laszlo"]
[Result "0-1"]
[WhiteElo "2245"]
[BlackElo "2440"]

1.d4 f5 2.Nf3 Nf6 3.c4 g6 4.g3 Bg7 5.Bg2 O-O 6.O-O d6 7.Nc3 Qe8 8.d5 Na6
9.Rb1 c6 10.b4 Bd7 11.e4 fxe4 12.Ng5 Bg4 13.Qb3 cxd5 14.cxd5 Rc8 15.Ngxe4 Nxe4
16.Nxe4 Nc7 17.h3 Bf5 18.a4 b5 19.a5 Na6 20.Re1 Rc4 21.Bd2 Qc8 22.g4 Bxe4
23.Rxe4 Rxe4 24.Bxe4 Bd4 25.Rf1 Qc4 26.Qb1 Kg7 27.Qd3 Nc7 28.Qxc4 bxc4 29.Bg5 Nb5
30.Kg2 h6 31.Bd2 Nc3 32.Bf3 Na2 33.Re1 c3 34.Rxe7+ Rf7 35.Bxh6+ Kxh6 36.Rxf7 c2
37.h4 Bg7 38.Rc7 Nc3 39.g5+ Kh7 40.h5 c1=Q 41.hxg6+ Kxg6  0-1

[Event "AUT-chT9495"]
[Site "?"]
[Date "1995.??.??"]
[Round "?"]
[White "Baumgartner, Heinz"]
[Black "Moser, Guenter"]
[Result "1/2-1/2"]
[WhiteElo "2295"]
[BlackElo "2310"]

1.Nf3 f5 2.g3 Nf6 3.Bg2 g6 4.O-O Bg7 5.c4 O-O 6.d4 d6 7.Nc3 Nc6 8.Qc2 e5
9.dxe5 dxe5 10.Rd1 Qe8 11.Nd5 e4 12.Ng5 Nxd5 13.cxd5 Nd4 14.Qxc7 Nxe2+ 15.Kh1 Nxc1
16.Raxc1 h6 17.Ne6 Bxe6  1/2-1/2

[Event "AUT-chT2O 9596"]
[Site "AUT"]
[Date "1995.??.??"]
[Round "3"]
[White "Haba, Petr"]
[Black "Danner, Georg"]
[Result "1/2-1/2"]
[WhiteElo "2455"]
[BlackElo "2390"]

1.d4 f5 2.g3 Nf6 3.Bg2 g6 4.Nf3 Bg7 5.O-O O-O 6.c4 d6 7.Nc3 Nc6 8.d5 Na5
9.Qa4 c5 10.dxc6 Nxc6 11.Rd1 Ne4 12.Nxe4 fxe4 13.Ng5 Nd4 14.Re1 Bg4 15.Bxe4 Nxe2+
16.Rxe2 Bxe2 17.Ne6 Qb6 18.Nxf8 Rxf8 19.Be3 Bd4 20.Qb3 Bxe3 21.fxe3 Qc5 22.Bd5+ Kg7
23.Re1 Bf3 24.Qxb7 Bxd5 25.Qxd5 Qxd5 26.cxd5 Rc8 27.Re2 h5 28.Kg2  1/2-1/2

[Event "Regionalliga SO9495"]
[Site "Bayern"]
[Date "1995.??.??"]
[Round "1"]
[White "Geller, Arpad"]
[Black "Gradwohl, Manfred"]
[Result "1-0"]
[WhiteElo "2285"]
[BlackElo "2125"]

1.d4 f5 2.g3 Nf6 3.Bg2 g6 4.Nf3 Bg7 5.O-O O-O 6.c4 d6 7.Nc3 Qe8 8.b3 e5 9.dxe5 dxe5
10.e4 Nc6 11.Nd5 Qd7 12.exf5 e4 13.Nd2 gxf5 14.Bb2 Nxd5 15.Bxg7 Kxg7 16.cxd5 Qxd5
17.Qc2 Rd8 18.Nc4 Qd3 19.Qc1 Qd4 20.Qf4 Be6 21.Qxc7+ Rd7 22.Qf4 Bxc4 23.bxc4 Qf6
24.Bxe4 fxe4 25.Qg4+ Kh8 26.Qxd7 Ne5 27.Qh3 Nxc4 28.Rac1 b5 29.Rfd1 Rf8 30.Qg2 Qb6
31.Qxe4 Qxf2+ 32.Kh1 Ne3 33.Rg1 a5 34.Rce1 Rf3 35.Qe5+ Kg8 36.Qxb5 h6 37.Qe2 Ng4
38.Qe6+  1-0

[Event "Regionalliga SW9495"]
[Site "Bayern"]
[Date "1995.??.??"]
[Round "3"]
[White "Folly, Gerhard"]
[Black "Kugelmann, Werner"]
[Result "1/2-1/2"]
[WhiteElo "1980"]
[BlackElo "2115"]

1.d4 f5 2.Nf3 Nf6 3.g3 g6 4.Bg2 Bg7 5.O-O O-O 6.c4 d6 7.Nc3 Qe8 8.Qc2 e5
9.dxe5 dxe5 10.b3 Qe7 11.e3 c6 12.Bb2 Na6 13.a3 e4 14.Nd4 Nc5 15.Nd1 Nd3
16.Bc3 Rd8 17.Nb2 Ne5 18.Rfd1 Bd7 19.b4 b6 20.Qe2 Nfg4 21.Rac1 c5 22.Nb3 Bc6
23.h3 Nf3+ 24.Kh1 Bxc3 25.Rxc3 cxb4 26.axb4 Qxb4 27.Rdc1 Nge5 28.Nd4 Nxd4
29.exd4 Rxd4 30.Qe3 Rad8 31.R1c2 a5 32.Qf4 Qd6 33.c5 bxc5 34.Rxc5 Rd5 35.Qe3 Rxc5
36.Rxc5 Qd4 37.Qxd4 Rxd4 38.Rxe5 Rb4 39.Rc5 Bb5 40.Nd1 Rb1 41.Kh2 Bd3 42.Ne3 a4
43.Ra5 Ra1 44.Nd5 a3 45.g4 Kf7 46.Nb4 Ke6 47.Kg3 Rb1 48.gxf5+ gxf5 49.Nxd3 exd3
50.Ra6+ Ke5 51.f4+ Kd4 52.Rxa3 d2 53.Bf3 d1=Q 54.Bxd1 Rxd1 55.Ra7 Rd3+ 56.Kh4 Ke4
57.Ra4+ Rd4 58.Rxd4+ Kxd4 59.Kg5 Ke4 60.h4 h6+ 61.Kxh6 Kxf4 62.Kg6 Ke4  1/2-1/2

[Event "Oberliga Bayern9495"]
[Site "Bayern"]
[Date "1995.??.??"]
[Round "6"]
[White "Pohl Kuemmel, Jens Uwe"]
[Black "Urankar, Hans Peter"]
[Result "1-0"]
[WhiteElo "2265"]
[BlackElo "2220"]

1.Nf3 g6 2.d4 f5 3.g3 Nf6 4.Bg2 Bg7 5.c4 O-O 6.O-O d6 7.Nc3 Qe8 8.d5 Na6
9.Rb1 c6 10.dxc6 bxc6 11.b4 Nc7 12.a4 Bb7 13.Nd4 Ng4 14.b5 Bxd4 15.Qxd4 c5
16.Qd1 Bxg2 17.Kxg2 Qf7 18.h3 Ne5 19.Nd5 Nxd5 20.cxd5 Nd7 21.Bh6 Rfc8 22.f3 c4
23.Rc1 a6 24.Qd4 axb5 25.axb5 Rc5 26.Rxc4 Rxb5 27.Rfc1 Nc5 28.Ra1 Rab8 29.Ra7 R5b7
30.Rb4 Rxb4 31.Qxb4 Rd8 32.Qa5 Re8 33.Qb5 Rd8 34.Qb6 Qe8 35.Qc7 Rd7 36.Qc6 Rd8
37.Qb6 Kf7 38.Qa5 Rd7 39.Ra8 Nb3 40.Rxe8  1-0

[Event "Lee Cup"]
[Site "Beijing"]
[Date "1995.??.??"]
[Round "11"]
[White "Wang Yaoyao"]
[Black "Zhang Zhong"]
[Result "0-1"]
[WhiteElo "2445"]
[BlackElo "2430"]

1.Nf3 f5 2.g3 Nf6 3.Bg2 g6 4.O-O Bg7 5.c4 O-O 6.d4 d6 7.Nc3 Qe8 8.d5 Na6
9.Nd4 Nc5 10.Qc2 a5 11.Rb1 Bd7 12.b3 c6 13.Bb2 f4 14.Rbd1 g5 15.Nf5 Bxf5
16.Qxf5 Nfe4 17.Bxe4 Rxf5 18.Bxf5 Qh5 19.g4 Qh3 20.f3 h5 21.Rf2 hxg4 22.Rg2 Qh8
23.Rc1 Bd4+ 24.Kh1 g3  0-1

[Event "Berga op"]
[Site "Berga"]
[Date "1995.??.??"]
[Round "9"]
[White "Pogorelov, Ruslan"]
[Black "Marin, Mihail"]
[Result "1/2-1/2"]
[WhiteElo "2445"]
[BlackElo "2520"]

1.Nf3 f5 2.d4 Nf6 3.g3 g6 4.Bg2 Bg7 5.O-O O-O 6.c4 c6 7.d5 d6 8.Nc3 Bd7 9.Nd4 Qb6
10.e3 a5 11.Rb1 Na6 12.b3 Rfe8 13.Bb2 e5 14.dxe6 Bxe6 15.Nxe6 Rxe6 16.Ne2 Rd8
17.Nf4 Ree8 18.Qc2 Qc7 19.a3 Nc5 20.b4 axb4 21.axb4 Nce4 22.Rfc1 Ng4  1/2-1/2

[Event "Berliner Sommer"]
[Site "Berlin"]
[Date "1995.??.??"]
[Round "3"]
[White "Muir, Andrew J"]
[Black "Kalinitschew, Sergey"]
[Result "0-1"]
[WhiteElo "2315"]
[BlackElo "2470"]

1.d4 f5 2.g3 Nf6 3.Bg2 g6 4.Nf3 Bg7 5.c4 O-O 6.O-O d6 7.d5 c6 8.Nc3 Bd7 9.Nd4 Qe8
10.e4 fxe4 11.Nxe4 Nxe4 12.Bxe4 Na6 13.h4 Nc7 14.Be3 c5 15.Nf3 Bg4 16.Kg2 Qd7
17.Rh1 Ne8 18.Bf4 Nf6 19.Qd3 Nxe4 20.Qxe4 Bxb2 21.Rae1 Bxf3+ 22.Qxf3 Be5
23.Re4 Bxf4 24.Rxf4 Rxf4 25.Qxf4 Rf8 26.Qe3 Rf5 27.Rb1 Re5 28.Qd3 b6 29.f4 Qf5
30.Qxf5 Rxf5 31.a4 Rf8 32.Kf3 Kf7 33.Ke4 e6 34.Rb3 Ke7 35.Rb2 Kd7 36.Rh2 exd5+
37.Kxd5 h5 38.Re2 a6 39.Rb2 Rf5+ 40.Ke4 Kc6 41.Rb1 Rf6 42.Rd1 Re6+ 43.Kf3 b5  0-1

[Event "GER-ch"]
[Site "Binz"]
[Date "1995.??.??"]
[Round "1"]
[White "Roeber, Bjoern"]
[Black "Wesseln, Kai"]
[Result "0-1"]
[WhiteElo "2210"]
[BlackElo "2365"]

1.d4 f5 2.c4 Nf6 3.g3 g6 4.Bg2 Bg7 5.Nf3 O-O 6.O-O d6 7.Nc3 Nc6 8.d5 Ne5
9.Nxe5 dxe5 10.e4 f4 11.c5 g5 12.Qd3 a6 13.Rd1 Qe8 14.h3 f3 15.Bxf3 Bxh3
16.Bxg5 Qg6 17.Bh4 Rad8 18.Qe2 Rf7 19.Bxf6 Qxf6 20.Rd3 Rdf8 21.Nd1 Qg5 22.Bh5 Rf6
23.g4 Qh4 24.Rg3 Rxf2 25.Qxf2 Rxf2 26.Kxf2 Bh6 27.Nc3 Bf4 28.Rg1 Bf1 29.Kxf1 Bxg3
30.Nd1 Qh3+ 31.Ke2 Qh2+ 32.Kf1 Bh4 33.g5 Qf4+ 34.Ke2 Bxg5 35.Nf2 h6 36.Rd1 Qe3+
37.Kf1 Qxc5 38.Rd3 Qc1+ 39.Kg2 Qxb2 40.Rf3 Qxa2 41.Bf7+ Kg7 42.d6 Qa4 43.dxe7 Bxe7
44.Bh5 Qa2 45.Kh3 Bg5 46.Ng4 Bf4 47.Rd3 Qe6  0-1

[Event "SWE-chB"]
[Site "Borlange"]
[Date "1995.??.??"]
[Round "?"]
[White "Backe, Peter"]
[Black "Olsson, Krister"]
[Result "1/2-1/2"]
[WhiteElo "2285"]
[BlackElo "2340"]

1.d4 f5 2.g3 Nf6 3.Bg2 g6 4.Nf3 Bg7 5.O-O O-O 6.c4 d6 7.Nc3 Nc6 8.d5 Na5
9.Nd2 Ng4 10.Qc2 Ne5 11.b3 c5 12.Nf3 Nxf3+ 13.exf3 a6 14.a4 Bd7 15.Re1 Rb8
16.Bf1 f4 17.Bxf4 Bf5 18.Ne4 Bxe4 19.fxe4 Bxa1 20.Rxa1 Rxf4 21.gxf4 Qf8 22.Qc3 b6
23.Bh3 Qf6 24.Rc1 Qxc3 25.Rxc3 b5 26.axb5 axb5 27.Bd7 bxc4 28.bxc4 Rb3 29.Rc2 Rb4
30.Bb5 Nb3 31.Ra2 Nd4 32.e5 Nxb5 33.cxb5 Rxb5 34.exd6 exd6 35.Ra6  1/2-1/2

[Event "Brno-ch 75th "]
[Site "Brno"]
[Date "1995.??.??"]
[Round "?"]
[White "Zejda, K."]
[Black "Kalendovsky, Jan"]
[Result "0-1"]
[WhiteElo "1945"]
[BlackElo "2035"]

1.d4 f5 2.g3 Nf6 3.Nf3 g6 4.Bg2 Bg7 5.O-O O-O 6.c4 d6 7.Nc3 c6 8.Re1 Qc7
9.Bg5 h6 10.Bxf6 exf6 11.Qc2 Na6 12.Nh4 Qf7 13.d5 c5 14.g4 fxg4 15.Nxg6 Re8
16.Nf4 f5 17.Nb5 Be5 18.Qd2 Nb4 19.Ne6 Bxe6 20.dxe6 Qh5 21.Nc7 Qxh2+ 22.Kf1 f4
23.a3 Nc6 24.Qd3 Qh5 25.Nxa8 Rxa8 26.f3 g3 27.e3 Rf8 28.Ke2 fxe3 29.Rh1 Qg5
30.Qe4 Nd4+ 31.Kd3 Rf4 32.e7 Qxe7 33.Qg6+ Bg7 34.Qxg3 Qe5 35.Rh4 Ne6 36.Rb1 Qd4+  0-1

[Event "Brugge op"]
[Site "Brugge"]
[Date "1995.??.??"]
[Round "?"]
[White "Cameron, Pernette"]
[Black "Timmerman, Gert J"]
[Result "0-1"]
[WhiteElo "2070"]
[BlackElo "2345"]

1.d4 f5 2.Nf3 Nf6 3.g3 g6 4.Bg2 Bg7 5.O-O O-O 6.c4 d6 7.Nc3 c6 8.d5 e5 9.dxe6 Bxe6
10.Qd3 Na6 11.Ng5 Qe7 12.Qe3 Rfe8 13.Qxe6+ Qxe6 14.Nxe6 Rxe6 15.Bf4 Ng4 16.e4 Nc5
17.exf5 gxf5 18.Rad1 Ne5 19.Bxe5 Bxe5 20.Bh3 Rf8 21.f4 Bxc3 22.bxc3 Kg7 23.Rfe1 Rxe1+
24.Rxe1 Kf6 25.Re3 h5 26.Bg2 h4 27.Kf2 hxg3+ 28.Rxg3 Rh8 29.h3 Rh4 30.Ke3 Ne6
31.Rf3 a5 32.Bf1 a4 33.Bd3 a3 34.Be2 Nc5 35.Bd3 Rh8 36.Kd2 Ra8 37.Bf1 Re8
38.Bd3 Rg8 39.Bf1 Ra8 40.Bd3 Ra6 41.Rg3 Rb6 42.Kc1 Rb2 43.Bb1 Rf2 44.Rg8 Rxf4
45.Ra8  0-1

[Event "Budapest FS07 IM-B"]
[Site "Budapest"]
[Date "1995.??.??"]
[Round "?"]
[White "Yip, Michael"]
[Black "Fraschini, Mariano"]
[Result "0-1"]
[WhiteElo "2090"]
[BlackElo "2360"]

1.d4 f5 2.g3 Nf6 3.Bg2 g6 4.Nf3 Bg7 5.O-O O-O 6.c4 d6 7.Nc3 c6 8.b3 Qa5 9.Bd2 Qc7
10.Rc1 e5 11.dxe5 dxe5 12.e4 f4 13.gxf4 exf4 14.e5 Ng4 15.Nd5 cxd5 16.cxd5 Qd8
17.Bc3 Nd7 18.Re1 Re8 19.e6 Nb6 20.Bxg7 Kxg7 21.Nd4 Nf6 22.d6 Kg8 23.Nb5 Rxe6
24.Rxe6 Bxe6 25.Nc7 Bg4 26.Qd4 Rb8 27.Qxf4 Bf5 28.Re1 Qf8 29.Re7 Rd8 30.Qe5 Nc8
31.Bd5+ Kh8 32.Rf7 Qxd6 33.Qd4 Rf8 34.Ne8 Rxe8 35.Rxf6 Re1+ 36.Kg2 Qxd5+
37.Qxd5 Be4+ 38.Kg3 Bxd5 39.Rf8+ Kg7 40.Rxc8  0-1

[Event "Spring op"]
[Site "Budapest"]
[Date "1995.??.??"]
[Round "?"]
[White "Kis, Bela"]
[Black "Dao Thien Hai"]
[Result "0-1"]
[WhiteElo "2075"]
[BlackElo "2480"]

1.d4 f5 2.g3 Nf6 3.Bg2 g6 4.Nf3 Bg7 5.O-O O-O 6.c4 d6 7.Nc3 Qe8 8.Re1 Qf7
9.b3 Ne4 10.Bb2 Nc6 11.Qd3 Nxc3 12.Bxc3 h6 13.e4 fxe4 14.Qxe4 g5 15.Qe3 Bg4
16.Nd2 Rac8 17.Ne4 Qh5 18.d5 Ne5 19.Bxe5 Bxe5 20.Rac1 b6 21.Rc2 Rf7 22.b4 Rcf8
23.c5 Bd1 24.Rd2 Rf3 25.Rdxd1 Rxe3 26.fxe3 bxc5 27.bxc5 Rb8 28.Rd2 Rb4 29.Rc2 Qg6
30.cxd6 exd6 31.Rxc7 Rxe4 32.Rb1 Rf4 33.Rbb7 Rf8  0-1

[Event "Spring op"]
[Site "Budapest"]
[Date "1995.??.??"]
[Round "?"]
[White "Kovacs, Janos"]
[Black "Hoang Than Trang"]
[Result "1/2-1/2"]
[WhiteElo "2180"]
[BlackElo "2325"]

1.d4 f5 2.Nf3 Nf6 3.g3 g6 4.Bg2 Bg7 5.O-O O-O 6.c4 d6 7.Nc3 Qe8 8.d5 Na6
9.Nd4 Bd7 10.e4 fxe4 11.Nxe4 Nxe4 12.Bxe4 c6 13.Bg2 Nc7 14.Bf4 cxd5 15.cxd5 Qf7
16.Ne2 Bg4 17.Rc1 Bxe2 18.Qxe2 Nxd5 19.Bxd5 Qxd5 20.Qxe7 Rf7 21.Qxd6  1/2-1/2

[Event "Budapest FS09 IM-B"]
[Site "Budapest"]
[Date "1995.??.??"]
[Round "1"]
[White "Peter, Ambrus"]
[Black "Galyas, Miklos"]
[Result "1-0"]
[WhiteElo "2410"]
[BlackElo "2310"]

1.d4 f5 2.Nf3 Nf6 3.g3 g6 4.Bg2 Bg7 5.O-O O-O 6.c4 d6 7.Nc3 Qe8 8.d5 Na6
9.Rb1 c6 10.b4 Bd7 11.Qb3 Kh8 12.a3 e5 13.dxe6 Bxe6 14.Rd1 Rd8 15.Nd4 Bg8
16.e3 Ng4 17.Na4 Ne5 18.Nb2 Qf7 19.Qa4 Qe8 20.Qc2 Nc7 21.Bd2 Qf7 22.Rbc1 g5
23.b5 c5 24.Nf3 Ne6 25.Bc3 g4 26.Nh4 Ng5 27.Bd5 Qf6 28.Bxb7 d5 29.Bxd5 Bxd5
30.Rxd5 Rxd5 31.cxd5 Ngf3+ 32.Nxf3 Nxf3+ 33.Kf1 Nxh2+ 34.Ke2 Qe7 35.Bxg7+ Kxg7
36.Qxc5 Qe5 37.Qd4 Qxd4 38.exd4 Nf3 39.Rc7+ Kg6 40.Kd3 Rb8 41.a4 h5 42.Rxa7 f4
43.Nc4 h4 44.Ra6+ Kg7 45.gxh4 g3 46.fxg3 fxg3 47.Ne3 Nxh4 48.b6 g2 49.Nxg2 Nxg2
50.a5 Kf7 51.Ra7+ Ke8 52.Ke4 Ne1 53.Rh7 Rc8 54.b7 Rb8 55.Rh8+  1-0

[Event "Budapest FS10 IM-B"]
[Site "Budapest"]
[Date "1995.??.??"]
[Round "1"]
[White "Zaitsev, Vadim"]
[Black "Touzane, Olivier"]
[Result "1/2-1/2"]
[WhiteElo "2350"]
[BlackElo "2250"]

1.Nf3 g6 2.g3 Bg7 3.d4 f5 4.Bg2 Nf6 5.O-O O-O 6.c4 d6 7.d5 c6 8.Nc3 e5 9.dxe6 Bxe6
10.Qd3 Ng4 11.Bg5 Bf6 12.Bxf6 Qxf6 13.b3 Na6 14.Rac1 Rad8 15.Qd4 Qxd4 16.Nxd4 Bf7
17.Rfd1 Rfe8 18.Rd2 Nc5 19.b4 Ne4 20.Nxe4 fxe4 21.e3 Ne5 22.Rdc2 c5 23.bxc5 dxc5
24.Nb5 Nd3 25.Rd1 Ne5 26.Rcd2 Rxd2 27.Rxd2 Nxc4 28.Rd7 a6 29.Nc3 Ne5 30.Rxb7 Nf3+
31.Kh1 g5 32.Nxe4 Rxe4 33.Bxf3 Rb4 34.Rd7 Kf8 35.Bd5 Bg6 36.Kg2 g4 37.a3 Rb1
38.e4 Be8 39.Rc7 Bb5 40.f4 Rb2+ 41.Kg1 Re2 42.a4 Bd3 43.f5 Re1+ 44.Kf2 Re2+
45.Kg1  1/2-1/2

[Event "Budapest FS04 GM"]
[Site "Budapest"]
[Date "1995.??.??"]
[Round "3"]
[White "Wells, Peter K"]
[Black "Illner, Achim"]
[Result "1-0"]
[WhiteElo "2530"]
[BlackElo "2355"]

1.d4 f5 2.g3 Nf6 3.Bg2 g6 4.Nf3 Bg7 5.O-O O-O 6.c4 d6 7.Nc3 Qe8 8.d5 a5 9.Nd4 Na6
10.b3 Bd7 11.Bb2 g5 12.e3 Qg6 13.Qc2 Rac8 14.Rad1 c5 15.dxc6 bxc6 16.Na4 c5
17.Nb5 Rb8 18.Qd2 Qh5 19.f4 Rfc8 20.Nxd6 Rc6 21.Nxf5 Bxf5 22.Bxc6 Nb4 23.Bf3 g4
24.Bg2  1-0

[Event "Schneider mem op"]
[Site "Budapest"]
[Date "1995.??.??"]
[Round "3"]
[White "Arnold, Ferenc"]
[Black "Krizsany, Laszlo"]
[Result "1-0"]
[WhiteElo "2325"]
[BlackElo "2440"]

1.d4 f5 2.Nf3 Nf6 3.g3 g6 4.Bg2 Bg7 5.O-O O-O 6.c4 d6 7.d5 Na6 8.Nc3 Qe8
9.Nd4 Bd7 10.Rb1 c6 11.b3 Nc7 12.Bb2 c5 13.Nc2 b5 14.cxb5 Nxb5 15.a4 Nxc3
16.Bxc3 Qf7 17.Qd3 Rab8 18.b4 c4 19.Qxc4 Rbc8 20.Qb3 Ne4 21.Bxg7 Qxg7 22.Bxe4 Rc3
23.Qb2 fxe4 24.Ne3 Bxa4 25.Rbc1 Rfc8 26.Rxc3 Qxc3 27.Qb1 Qd4 28.Rc1 Rf8 29.Rc4 Qd2
30.Rxe4 Qxe2 31.Nf5 Qd2 32.Nxe7+ Kf7 33.Nc6 Bc2 34.Re7+ Kg8 35.Qe1 Qxd5 36.Rc7 Qe4
37.Ne7+ Kf7 38.Nf5+ Kf6 39.Qxe4 Bxe4 40.Nxd6 Bf3 41.Rxa7 Ke6 42.Nb5 Rd8 43.Ra1 Rd3
44.Rc1 g5 45.h3 h5 46.h4 g4 47.Kf1 Ke5 48.Ke1 Rb3 49.Rc5+ Ke4 50.Rc4+ Kd5
51.Rc5+ Ke4 52.Kd2 Rd3+ 53.Kc2 Rd7 54.Nc3+ Kd4 55.Rxh5 Rb7 56.Rf5  1-0

[Event "HUN-ch (Women)"]
[Site "Budapest"]
[Date "1995.??.??"]
[Round "4"]
[White "Csonkics, Tunde"]
[Black "Horvath, Julia"]
[Result "1-0"]
[WhiteElo "2280"]
[BlackElo "2270"]

1.d4 f5 2.g3 Nf6 3.Bg2 g6 4.Nf3 Bg7 5.c4 O-O 6.O-O d6 7.Nc3 Nc6 8.d5 Ne5
9.Nxe5 dxe5 10.Qb3 Kh8 11.Rd1 a6 12.c5 Rb8 13.Qa3 Qe8 14.d6 exd6 15.cxd6 c6
16.Be3 Be6 17.Bb6 Qf7 18.Bc7 Rbe8 19.Qb4 Bc8 20.Na4 Nd7 21.Nb6 Nxb6 22.Bxb6 Qd7
23.Rac1 Rf7 24.a4 h6 25.Qd2 Qe6 26.b4 Bd7 27.b5 axb5 28.axb5 e4 29.e3 cxb5
30.Rc7 Ra8 31.Rxb7 Ra2 32.Qb4 Rb2 33.Qc5 Qc4 34.Bf1 Qxc5 35.Bxc5 Bf6 36.Bd4 Bxd4
37.Rxd4 Kg7 38.Bc4 Rb1+ 39.Kg2 f4 40.gxf4 Bh3+  1-0

[Event "Budapest Elekes"]
[Site "Budapest"]
[Date "1995.??.??"]
[Round "5"]
[White "Izsak, Gyula"]
[Black "Danner, Georg"]
[Result "1/2-1/2"]
[WhiteElo "2445"]
[BlackElo "2440"]

1.d4 f5 2.Nf3 Nf6 3.g3 g6 4.Bg2 Bg7 5.O-O O-O 6.c4 d6 7.Nc3 Nc6 8.d5 Ne5
9.Nxe5 dxe5 10.c5 h6 11.b4 g5 12.Bb2 a6 13.a4 e4 14.Qb3 e6 15.Rfd1 exd5 16.Nxd5 Nxd5
17.Bxg7 Kxg7 18.Qxd5 Qxd5 19.Rxd5 Be6 20.Rd4 Kf6 21.f3 exf3 22.Bxf3 c6 23.Rad1 Ke5
24.Rd6 Rf7 25.R1d3 Re7 26.b5 axb5 27.axb5 cxb5 28.Re3+ Kf6 29.Bd5 Rae8 30.Rb6 f4
31.Re4 fxg3 32.hxg3 h5 33.Kf2 Kf5 34.Rexe6 Rxe6 35.Bxe6+ Rxe6 36.Rxb7 Re5
37.Rxb5 h4 38.gxh4 gxh4 39.Kf3 h3 40.e4+ Kg5 41.Kg3 Rxe4 42.c6+ Kf6 43.Rb6 Re3+
44.Kh2 Rc3 45.c7+ Ke5  1/2-1/2

[Event "Budapest FS03 IM-A"]
[Site "Budapest"]
[Date "1995.??.??"]
[Round "6"]
[White "Kahn, Evarth"]
[Black "Szabo, Zsolt"]
[Result "0-1"]
[WhiteElo "2400"]
[BlackElo "2225"]

1.d4 f5 2.Nf3 g6 3.g3 Bg7 4.Bg2 Nf6 5.O-O O-O 6.c4 d6 7.Nc3 Qe8 8.Re1 e5
9.dxe5 dxe5 10.e4 Nc6 11.Nd5 Qd7 12.exf5 Qd6 13.fxg6 hxg6 14.Bg5 Be6 15.Bxf6 Bxf6
16.Nd2 Bg7 17.Ne4 Qd8 18.Nc5 Bc8 19.Nd3 Bf5 20.f4 exf4 21.N3xf4 Bd4+ 22.Kh1 Qd7
23.Re7 Nxe7 24.Qxd4 Nxd5 25.cxd5 Qd6 26.h4 c5 27.Qc3 Rae8 28.Re1 Rxe1+ 29.Qxe1 b5
30.Qe3 a5 31.h5 gxh5 32.Nxh5 b4 33.g4 Bg6 34.Qg5 Kh7 35.Kg1 c4 36.Be4 Qc5+
37.Kh2 Qc7+ 38.d6 Qxd6+ 39.Kh3 Rf7 40.Bd5 Rf2 41.Ng3 c3 42.bxc3 bxc3 43.Qe3 c2
44.Qa7+ Rf7 45.Bxf7 c1=Q 46.Bc4+ Kh6 47.Qa8 Qc3 48.Qh8+ Qxh8  0-1

[Event "Budapest FS05 GM"]
[Site "Budapest"]
[Date "1995.??.??"]
[Round "7"]
[White "Rogozenko, Dorin"]
[Black "McDonald, Neil R"]
[Result "0-1"]
[WhiteElo "2440"]
[BlackElo "2460"]

1.d4 f5 2.g3 g6 3.Bg2 Nf6 4.c4 Bg7 5.Nf3 O-O 6.O-O d6 7.Nc3 Qe8 8.d5 a5 9.Ne1 Na6
10.Nd3 Bd7 11.Rb1 c6 12.b3 Nc7 13.Bb2 cxd5 14.Nxd5 Ncxd5 15.cxd5 a4 16.Rc1 Qd8
17.Nf4 Qb6 18.Bd4 Qb5 19.Ne6 Bxe6 20.dxe6 axb3 21.Qxb3 Qxb3 22.axb3 Ne4 23.e3 Rfc8
24.b4 Bxd4 25.exd4 Kg7 26.Bxe4 fxe4 27.d5 Kf6 28.f4 Kf5 29.Kf2 Ra2+ 30.Ke3 Ra3+
31.Ke2 Rca8 32.Rc2 Rd3 33.Rd1 Raa3 34.Rdd2 Kg4 35.Rc7 Rxd2+ 36.Kxd2 Kf3 37.Rc1 Kf2
38.Rc2 e3+  0-1

[Event "Budapest FS03 IM-A"]
[Site "Budapest"]
[Date "1995.??.??"]
[Round "8"]
[White "Peter, Ambrus"]
[Black "Szabo, Zsolt"]
[Result "1-0"]
[WhiteElo "2335"]
[BlackElo "2225"]

1.d4 f5 2.g3 g6 3.Bg2 Nf6 4.Nf3 Bg7 5.O-O O-O 6.c4 d6 7.Nc3 Qe8 8.d5 Na6
9.Rb1 c5 10.dxc6 bxc6 11.b4 Bd7 12.Ba3 Nc7 13.Qb3 Kh8 14.Rfd1 Ne6 15.e3 Rb8
16.Qc2 g5 17.c5 g4 18.Nh4 d5 19.Nxf5 Ng5 20.Nh4 e5 21.b5 e4 22.bxc6 Bxc6
23.Rxb8 Qxb8 24.Ne2 Qe8 25.Qd2 Bb5 26.Nf4 Bc4 27.Bb2 Nf3+ 28.Bxf3 exf3 29.Nf5 Kg8
30.Nxg7 Kxg7 31.Nxd5 Bxd5 32.Qxd5 Kg6 33.Qd6 Qb5 34.Qxf8 Qxb2 35.Qd6 Qb5
36.Qd3+  1-0

[Event "Budapest Elekes"]
[Site "Budapest"]
[Date "1995.??.??"]
[Round "8"]
[White "Horvath, Jozsef"]
[Black "Danner, Georg"]
[Result "1/2-1/2"]
[WhiteElo "2515"]
[BlackElo "2440"]

1.d4 f5 2.g3 Nf6 3.Bg2 g6 4.c4 Bg7 5.Nf3 O-O 6.O-O d6 7.Nc3 Nc6 8.d5 Na5
9.Nd2 c5 10.Rb1 e5 11.dxe6 Bxe6 12.b4 cxb4 13.Rxb4 Rc8 14.Nd5 b6 15.Bb2 Ng4
16.Bxg7  1/2-1/2

[Event "Budapest FS05 GM"]
[Site "Budapest"]
[Date "1995.??.??"]
[Round "9"]
[White "Lukacs, Peter"]
[Black "McDonald, Neil R"]
[Result "1-0"]
[WhiteElo "2490"]
[BlackElo "2460"]

1.d4 f5 2.g3 Nf6 3.Bg2 g6 4.c4 Bg7 5.Nf3 O-O 6.O-O d6 7.Nc3 Qe8 8.d5 a5 9.Rb1 Na6
10.a3 Bd7 11.b4 axb4 12.axb4 c6 13.dxc6 bxc6 14.b5 Nc5 15.Nd4 Nfe4 16.Nxe4 fxe4
17.Be3 Ra2 18.bxc6 Bxc6 19.Nxc6 Qxc6 20.Rb5 Na4 21.Qb3 Nc3 22.Kh1 Rxe2 23.Rb7 Rxe3
24.fxe3 Rxf1+ 25.Bxf1 Qc5 26.Rxe7 Qxe3 27.c5+ d5 28.c6 Qc1 29.Qb8+ Bf8 30.Qf4 Qxf4
31.gxf4  1-0

[Event "Buenos Aires VII Najdorf op"]
[Site "Buenos Aires"]
[Date "1995.??.??"]
[Round "2"]
[White "Soppe, Guillermo"]
[Black "Alonso, Salvador"]
[Result "1/2-1/2"]
[WhiteElo "2445"]
[BlackElo "2270"]

1.Nf3 f5 2.g3 Nf6 3.Bg2 g6 4.O-O Bg7 5.d4 O-O 6.c4 d6 7.b4 e5 8.dxe5 dxe5
9.Bb2 e4 10.Nd4 Ng4 11.c5 Qd5 12.h3 Nc6 13.e3 Nge5 14.Bc3 Rd8 15.Nd2 a5 16.a3 Qf7
17.Qc2 Ne7 18.bxa5 Nd5 19.Bb4 Nd3 20.Rab1 Nxf2 21.Kxf2 Nxe3 22.Kxe3 Bxd4+
23.Ke2 b6 24.axb6 cxb6 25.c6 Ba6+ 26.Ke1 e3 27.Ne4 Qc7 28.Rf4 fxe4 29.Qb3+ Kh8
30.Bxe4  1/2-1/2

[Event "Buenos Aires VII Najdorf op"]
[Site "Buenos Aires"]
[Date "1995.??.??"]
[Round "4"]
[White "Servat, Roberto"]
[Black "Casafus, Ruben"]
[Result "1-0"]
[WhiteElo "2450"]
[BlackElo "2420"]

1.d4 f5 2.g3 Nf6 3.Bg2 g6 4.Nf3 Bg7 5.O-O O-O 6.c4 d6 7.Nc3 Nc6 8.d5 Na5
9.Qa4 c5 10.dxc6 Nxc6 11.Rd1 Qa5 12.Qb3 Kh8 13.Bd2 Qb4 14.Qxb4 Nxb4 15.Nd4 Na6
16.Nb3 Nd7 17.Rac1 Rb8 18.Be3 b6 19.Nd4 Bb7 20.Ne6 Rfc8 21.Nxg7 Kxg7 22.Nd5 Kf7
23.Bg5 Re8 24.b4 Ba8 25.Rd3 e6 26.Ra3 Bb7 27.Nc3 Nxb4 28.Nb5 Bxg2 29.Nxd6+ Kf8
30.Nxe8 Kxe8 31.Kxg2 Rb7 32.Rb3 Nxa2 33.Rc2 Nc5 34.Rbb2 Ne4 35.Bf4 Nac3 36.f3 Na4
37.fxe4 Nxb2 38.Rxb2 fxe4 39.c5 Kd7 40.cxb6 axb6 41.Kf2 Kc6 42.Ke3 Kd5 43.Rd2+ Kc4
44.Kxe4 b5 45.Bd6 b4 46.Bxb4  1-0

[Event "Buenos Aires VII Najdorf op"]
[Site "Buenos Aires"]
[Date "1995.??.??"]
[Round "9"]
[White "Fiorito, Fabian"]
[Black "Roman, Facundo"]
[Result "0-1"]
[WhiteElo "2450"]
[BlackElo "2305"]

1.d4 f5 2.g3 Nf6 3.Bg2 g6 4.Nf3 Bg7 5.O-O O-O 6.c4 d6 7.Nc3 Qe8 8.b3 e5 9.dxe5 dxe5
10.e4 Nc6 11.Nd5 fxe4 12.Ng5 Nxd5 13.cxd5 Nd4 14.Nxe4 Bf5 15.Be3 Rd8 16.Re1 Bxe4
17.Bxe4 Qf7 18.Bxd4 exd4 19.f3 Rxd5 20.Bxd5 Qxd5 21.Re4 d3 22.Rc1 d2 23.Rb1 Rd8
24.Rc4 Qd3 25.Rc2 Bc3 26.Kf2 Re8  0-1

[Event "Bytom op"]
[Site "Bytom"]
[Date "1995.??.??"]
[Round "?"]
[White "Goj, Artur"]
[Black "Morkisz, Bogdan"]
[Result "1-0"]
[WhiteElo "2340"]
[BlackElo "2200"]

1.Nf3 g6 2.g3 Bg7 3.d4 f5 4.Bg2 Nf6 5.c4 O-O 6.O-O d6 7.Nc3 Qe8 8.b3 h6 9.Bb2 Na6
10.Re1 c6 11.e4 fxe4 12.Nxe4 Nxe4 13.Rxe4 Bf5 14.Re3 g5 15.Qe2 e6 16.h3 Nc7
17.Rd1 Rd8 18.Nd2 Qd7 19.Ne4 Ne8 20.Nc3 Nc7 21.Kh2 Rf7 22.Rd2 Rdf8 23.Nd1 Re8
24.Bf3 Bg6 25.Bg4 d5 26.a4 Bf8 27.Bc3 Rh7 28.Bh5 Qf7 29.Bxg6 Qxg6 30.Nb2 Rf7
31.Rf3 Rf5 32.Nd3 Bg7 33.g4 Rxf3 34.Qxf3 Rf8 35.Qe3 Qf7 36.Bb4 Rd8 37.c5 Rf8
38.Kg2 Ne8 39.Bc3 Bf6 40.Re2 Ng7 41.f3 Bd8 42.Be1 Bf6 43.Rf2 Qg6 44.Rf1 Kh7
45.Bg3 Kg8 46.Bd6 Rf7 47.b4 a6 48.Rf2 Ne8 49.Ne5 Bxe5 50.Bxe5 Nf6 51.Rb2 Nd7
52.Bg3 Nf8 53.Qe2 Qf6 54.Be5  1-0

[Event "Cannes op"]
[Site "Cannes"]
[Date "1995.??.??"]
[Round "2"]
[White "Kleinplatz, Sam"]
[Black "Santo Roman, Marc"]
[Result "1/2-1/2"]
[WhiteElo "2365"]
[BlackElo "2465"]

1.d4 f5 2.Nf3 Nf6 3.g3 g6 4.Bg2 Bg7 5.c4 O-O 6.O-O d6 7.d5 c6 8.Nc3 e5 9.dxe6 Bxe6
10.b3 Ne4 11.Nxe4 Bxa1 12.Nxd6 Qd7 13.Bf4 Bg7 14.Ng5 Rd8 15.Qc2 h6 16.Nxe6 Qxe6
17.Nxb7 Re8 18.e4 fxe4 19.Nd6 Re7 20.Nxe4 Nd7 21.Rd1 g5 22.Rd6 Qf7 23.Be3 Ne5
24.Qd1 Rae8 25.Rd2 Qg6 26.Nd6 Rf8 27.g4 Re6 28.Be4 Qf6 29.Nf5 Nxc4 30.bxc4 Rxe4
31.Rd7 Rf7 32.Rd8+ Rf8 33.Rd7 Rf7 34.Rd8+ Rf8 35.Rd7  1/2-1/2

[Event "Cannes Martinez op"]
[Site "Cannes"]
[Date "1995.??.??"]
[Round "2"]
[White "Joly, Fabrice"]
[Black "Ribreau, Herve"]
[Result "0-1"]
[WhiteElo "2100"]
[BlackElo "2195"]

1.d4 f5 2.Nf3 Nf6 3.g3 g6 4.Bg2 Bg7 5.O-O O-O 6.c4 d6 7.Nc3 Nc6 8.d5 Ne5
9.Qb3 Nfd7 10.Be3 b6 11.Nxe5 Bxe5 12.Rad1 Nc5 13.Qc2 a5 14.Nb5 f4 15.Bxf4 Bxf4
16.gxf4 Rxf4 17.Qc1 Rg4 18.Rd4 Rxd4 19.Nxd4 Bd7 20.Qe3 Qf8 21.Bh3 Bxh3 22.Qxh3 Qf6
23.e3 Rf8 24.f4 Kh8 25.b3 Kg7 26.a3 Re8 27.b4 axb4 28.axb4 Nd3 29.Ne6+ Kh8
30.Nxc7 Rg8 31.Ne6 Nxb4 32.Ng5 Qg7 33.Qd7 Nd3 34.Qe6 Rf8 35.Qe4 Nc5 36.Qb1 Qc3
37.Qa1 Qxa1 38.Rxa1 h6 39.Nf3 Kg7 40.Nd4  0-1